Т. 5: Специальные вопросы теории управления; Энциклопедия современного управления

Dettagli Bibliografici
Parent link:Энциклопедия современного управления: В 5 т./ Р. М. Фалмер. Т. 5: Специальные вопросы теории управления.— , 1992-
Riassunto:Исключено из фонда НТБ ТПУ
Lingua:russo
Pubblicazione: 1992
Natura: Libro
KOHA link:https://koha.lib.tpu.ru/cgi-bin/koha/opac-detail.pl?biblionumber=18216

MARC

LEADER 00000nam0a2200000 4500
001 18216
005 20231030191218.0
035 |a (RuTPU)RU\TPU\book\18365 
035 |a BOOK00003053 
090 |a 18216 
100 |a 20011209d1992 km y0rusy50 ca 
101 1 |a rus  |c eng 
102 |a RU 
105 |a y f 000zy 
200 0 |a Т. 5: Специальные вопросы теории управления 
210 |d 1992 
215 |a 120 с. 
333 |a Исключено из фонда НТБ ТПУ 
461 |t Энциклопедия современного управления  |o В 5 т.  |f Р. М. Фалмер  |v Т. 5: Специальные вопросы теории управления  |o пер. с англ.  |d 1992- 
801 0 |a RU  |b 63413507  |c 20011209  |g PSBO 
801 2 |a RU  |b 63413507  |c 20220428  |g PSBO 
942 |c BK